L' ecclésiastique accompli, ou, Plan d' une vie vraiment sacerdotale suivi des doléances de l' amour fraternel par l'auteur des pensèes ecclèsiastiques

Detalles Bibliográficos
Formato: Libro
Lenguaje:Undetermined
French
Publicado: a Londres : de l' imprimerie de T. Baylis, 1801.
Edición:Troisieme édition
Materias:
Colección:Banco de datos
Acervo:Biblioteca Palafoxiana. Colección bibliográfica
Descripción Física:262, [2] p. ; 8°
Tema general:Ascética
Notas:Número de localización: 35316
LEADER 00638nam a2200169Ia 4500
008 150723s9999 xx 000 0 und d
041 0 |a fre 
050 0 |a PAFX BV5021 E2 1801 
245 1 0 |a L' ecclésiastique accompli, ou, Plan d' une vie vraiment sacerdotale suivi des doléances de l' amour fraternel par l'auteur des pensèes ecclèsiastiques 
250 |a Troisieme édition 
260 |a a Londres : de l' imprimerie de T. Baylis, 1801. 
300 |a 262, [2] p. ; 8° 
500 |a Número de localización: 35316 
650 1 0 |a Ascética 
942 |c PALALIB 
943 |g Biblioteca Palafoxiana. Colección bibliográfica 
999 |c 1060302  |d 1060302